Le droit, la justice

Detalles Bibliográficos
Autor principal: Quarr,̌ Philippe
Formato: Desconocido
Lenguaje:francés
Publicado: Lig̈e : Edipro, 2002
Materias:
Acceso en línea:Acceso restringido

MARC

LEADER 00000ny a22000003n 4500
005 20110601144456.0
008 090127s2002 be a sb 000 0 fre c
020 |a 2930287225 
035 |a 2457 
040 |a UMA.RE  |d vLex 
080 |a 340.13(0.034) 
080 |a 341.4 (0.034) 
090 |c 420  |d 420 
100 1 |a Quarr,̌ Philippe 
245 1 3 |a Le droit, la justice  |h [Recurso electrn̤ico]  |c Philippe Quarr ̌ 
256 |a Servicio en ln̕ea 
260 |a Lig̈e :   |b Edipro,   |c 2002 
506 1 |a Contenido solo disponible en los productos indicados  |d vLex Global  |d vLex Global (Academic Edition, excluding Law Schools)  |d vLex Global (U.S. Academic Edition, Law Schools)  |d vLex Global (U.S. Academic Edition, excluding Law Schools)  |d vLex Global (Academic Edition, Law Schools) 
650 0 4 |a Derecho penal internacional   |z Francia 
740 0 |a vLex Libros (Servicios en ln̕ea) 
856 4 0 |u http://vlex.com/source/2457  |z Acceso restringido 
942 |c BOOK 
999 0 4 |a International Criminal Law   |b France 
999 0 4 |a Derecho  |v En ln̕ea